Statistics for Guess the Countries by Unknown Category #5

Click here to take the quiz!

General Stats

  • This quiz has been taken 353 times
  • The average score is 13 of 21

Answer Stats

Birth Rate Country % Correct
6.76Niger
88%
5.19Nigeria
82%
5.15Ethiopia
80%
5.99Somalia
78%
6.06Mali
76%
5.89Uganda
72%
4.88Guinea
70%
5.31South Sudan
70%
4.95Benin
68%
5.72Zambia
68%
4.89Tanzania
67%
5.37Angola
67%
4.76Cameroon
66%
6.09Burundi
65%
5.86Burkina Faso
64%
4.70Liberia
63%
5.21Mozambique
62%
4.80Sierra Leone
60%
5.33Afghanistan
27%
CATEGORY:Highest Birth Rates
26%
5.01East Timor
12%

Score Distribution

Percentile by Number Answered

Percent of People with Each Score

Your Score History

You have not taken this quiz